000 00326 a2200157 4500
001 58278
020 _a8508045409
040 _cAnchieta - Pituba
100 _aAlencar, José de
240 1 0 _aEncarnação
_lpor
245 1 0 _aEncarnação
300 _a88
362 0 _a1997
650 4 _aFicção brasileira
942 _cBK
999 _c58278
_d58278